Щатите в Бразилия - Statistics

General Stats
  • This quiz has been taken 53 times
  • The average score is 13 of 26
Answers on the Map
Answers color-coded by a green-red scale on the quiz's map according to % correct below.
 
Answer Stats
State % Correct
Пара
92%
Парана
85%
Рио де Жанейро
85%
Сау Паулу
85%
Акри
77%
Алагоас
69%
Риу Гранди ду Норти
69%
Риу Гранди ду Сул
69%
Амазонас
62%
Баия
62%
Гояс
62%
Параиба
62%
Пернамбуку
54%
Санта Катарина
54%
Мату Гросу
46%
Мату Гросу ду Сул
46%
Сеара
31%
Сержипи
31%
Амапа
23%
Еспириту Санту
23%
Мараняу
23%
Пиауи
23%
Рондония
23%
Рорайма
23%
Токантинс
23%
Минас Жераис
15%
No matching quizzes found
Score Distribution
Percent of People with Each Score
Percentile by Number Answered
Your Score History
You have not taken this quiz